[Event "4NCL Division 1b"]
[Site "Hinckley Island ENG"]
[Date "2014.11.16"]
[Round "2.182"]
[White "Morrison, Graham"]
[Black "Harvey, Marcus R"]
[Result "1/2-1/2"]
[WhiteElo "2354"]
[BlackElo "2307"]
[PlyCount "93"]
[EventDate "2014.11.16"]
[WhiteTeam "Barbican 4NCL 2"]
[BlackTeam "Oxford 1"]

1. d4 e6 2. c4 Nf6 3. Nf3 Bb4+ 4. Bd2 Qe7 5. g3 O-O 6. Bg2 Bxd2+ 7. Qxd2 d6 8.
Nc3 e5 9. O-O Re8 10. e4 Bg4 11. d5 Bxf3 12. Bxf3 a5 13. a3 Na6 14. Rab1 Nc5
15. b4 axb4 16. axb4 Na4 17. Nd1 Ra6 18. Ne3 g6 19. Ra1 Rea8 20. Ra2 Nc5 21.
Rxa6 Nxa6 22. Ra1 Qf8 23. Ra5 h5 24. Qa2 Nxb4 25. Qa4 Rxa5 26. Qxa5 Na6 27. c5
dxc5 28. Qb5 Qc8 29. Nc4 Ne8 30. Nxe5 Nd6 31. Qb2 Nb4 32. Qc1 Qe8 33. Qxc5 Qxe5
34. Qxb4 g5 35. Bxh5 Qxe4 36. Qc3 Qxd5 37. Qxc7 Nf5 38. h3 b5 39. Bxf7+ Qxf7
40. Qb8+ Kh7 41. Qxb5 Qe6 42. Qd3 Kh6 43. Qd2 Kg6 44. Qc2 Kh6 45. Qd2 Qd6 46.
Qxd6+ Nxd6 47. f4 1/2-1/2

[Event "4NCL Division 1b"]
[Site "Hinckley Island ENG"]
[Date "2014.11.16"]
[Round "2.183"]
[White "Tan, Justin"]
[Black "Rogers, Jonathan"]
[Result "1-0"]
[WhiteElo "2361"]
[BlackElo "2297"]
[PlyCount "101"]
[EventDate "2014.11.16"]
[WhiteTeam "Oxford 1"]
[BlackTeam "Barbican 4NCL 2"]

1. e4 e5 2. Nf3 Nc6 3. Bb5 Nf6 4. O-O d6 5. Re1 Bd7 6. d4 exd4 7. Nxd4 Be7 8.
Bf1 O-O 9. Nc3 Re8 10. h3 Nxd4 11. Qxd4 Bc6 12. Bf4 Nd7 13. Nd5 Bxd5 14. Qxd5
Nc5 15. Bc4 Ne6 16. Bh2 c6 17. Qd2 Bf6 18. c3 Qb6 19. Bxd6 g6 20. Rad1 Bg7 21.
e5 Rad8 22. g3 Rd7 23. Kg2 Qd8 24. Qe2 b5 25. Bb3 c5 26. a4 c4 27. Ba2 Qa8+ 28.
f3 Ng5 29. Rf1 Bxe5 30. Bxe5 Rxd1 31. Qxd1 Rxe5 32. h4 Ne6 33. axb5 Rxb5 34.
Qe2 Qb8 35. Rf2 g5 36. h5 g4 37. fxg4 Re5 38. Qf3 Ng5 39. Qf4 h6 40. Kh2 Qe8
41. Qxc4 Re4 42. Qa6 Rxg4 43. Qg6+ Kh8 44. Qxh6+ Kg8 45. Qg6+ Kf8 46. Rxf7+
Qxf7 47. Bxf7 Nf3+ 48. Kh3 Rxg6 49. Bxg6 Ne5 50. Kh4 Kg7 51. Kg5 1-0

[Event "4NCL Division 1b"]
[Site "Hinckley Island ENG"]
[Date "2014.11.16"]
[Round "2.184"]
[White "Berry, Neil"]
[Black "Eckersley-Waites, Tom"]
[Result "1/2-1/2"]
[WhiteElo "2241"]
[BlackElo "2269"]
[PlyCount "109"]
[EventDate "2014.11.16"]
[WhiteTeam "Barbican 4NCL 2"]
[BlackTeam "Oxford 1"]

1. d4 Nf6 2. c4 e6 3. Nc3 Bb4 4. e3 O-O 5. Nge2 b5 6. cxb5 a6 7. bxa6 Bxa6 8.
Bd2 c5 9. a3 Bxc3 10. Bxc3 Ne4 11. f3 Nxc3 12. Nxc3 Qb6 13. Rb1 Bxf1 14. Rxf1
Nc6 15. dxc5 Qxc5 16. Kf2 d5 17. Ne2 Rfd8 18. Qc1 Qb6 19. Rd1 Rac8 20. Qd2 e5
21. Rbc1 d4 22. b4 Ra8 23. Qd3 dxe3+ 24. Qxe3 Qxe3+ 25. Kxe3 Rxa3+ 26. Kf2 Rxd1
27. Rxd1 Kf8 28. b5 Na5 29. Rb1 Rb3 30. Rxb3 Nxb3 31. Ke3 Nc5 32. Ng3 Ke7 33.
Ne4 Nxe4 34. Kxe4 Kd6 35. g4 f6 36. Kf5 Kc5 37. Ke6 Kxb5 38. Kf7 h5 39. gxh5 f5
40. Kxg7 e4 41. fxe4 fxe4 42. h6 e3 43. h7 e2 44. h8=Q e1=Q 45. Qh5+ Ka4 46.
Qg4+ Ka5 47. Qg5+ Ka4 48. h4 Qc3+ 49. Kg6 Qc4 50. h5 Qg8+ 51. Kf5 Qd5+ 52. Kf4
Qd2+ 53. Kg4 Qg2+ 54. Kf5 Qd5+ 55. Kf6 1/2-1/2

[Event "4NCL Division 1b"]
[Site "Hinckley Island ENG"]
[Date "2014.11.16"]
[Round "2.185"]
[White "Rose, Matthew"]
[Black "Coleman, David"]
[Result "0-1"]
[WhiteElo "2321"]
[BlackElo "2252"]
[PlyCount "66"]
[EventDate "2014.11.16"]
[WhiteTeam "Oxford 1"]
[BlackTeam "Barbican 4NCL 2"]

1. e4 c5 2. Nf3 d6 3. Bb5+ Bd7 4. Bxd7+ Qxd7 5. O-O Nc6 6. c3 Nf6 7. Re1 e6 8.
d4 cxd4 9. cxd4 d5 10. e5 Ne4 11. Nbd2 Nxd2 12. Bxd2 Be7 13. Rc1 O-O 14. a3 f6
15. Bf4 f5 16. Rc3 Rac8 17. Rd3 Rc7 18. Nd2 Rfc8 19. g4 Rf8 20. Kh1 Bd8 21. Rg1
Ne7 22. Rdg3 Ng6 23. gxf5 Rxf5 24. Be3 Qe8 25. Nf3 Rcf7 26. Bg5 Qf8 27. Bxd8
Rxf3 28. Bg5 Rxf2 29. Qh5 Rf1 30. Be3 Rxg1+ 31. Bxg1 Rf1 32. Rc3 Nf4 33. Qg4 h5
0-1

[Event "4NCL Division 1b"]
[Site "Hinckley Island ENG"]
[Date "2014.11.16"]
[Round "2.186"]
[White "Navarro Cia, Miguel"]
[Black "Martins, David Pires Tavares"]
[Result "0-1"]
[WhiteElo "2281"]
[BlackElo "2341"]
[PlyCount "152"]
[EventDate "2014.11.16"]
[WhiteTeam "Barbican 4NCL 2"]
[BlackTeam "Oxford 1"]

1. e4 e6 2. Nf3 d5 3. Nc3 Nf6 4. e5 Nfd7 5. d4 c5 6. dxc5 Nc6 7. Bf4 Bxc5 8.
Bd3 f6 9. exf6 Nxf6 10. Qe2 O-O 11. O-O-O a6 12. h4 Bd6 13. Bxd6 Qxd6 14. Rhe1
Bd7 15. Rd2 Rae8 16. Ne5 Nxe5 17. Qxe5 Qxe5 18. Rxe5 Ng4 19. Ree2 Bc6 20. f3
Nf6 21. Re1 Nh5 22. Re5 g6 23. Ne2 Kg7 24. Nd4 Bd7 25. g4 Nf4 26. g5 Nxd3+ 27.
Rxd3 Rf4 28. c3 Rxh4 29. Rde3 Kf7 30. Re2 h6 31. gxh6 Rxh6 32. Kd2 Rh4 33. Ke3
Reh8 34. f4 Rh2 35. Nf3 Rxe2+ 36. Kxe2 Kf6 37. Kf2 Rh1 38. Kg3 Ke7 39. Re2 Bb5
40. Rd2 Bc4 41. a3 Ba2 42. Kg2 Rc1 43. Kg3 Rh1 44. Kg2 Rh8 45. Rd1 Bb3 46. Rd2
Kf6 47. Kg3 Ba4 48. Kg2 Rh5 49. Kg3 Rh1 50. Nd4 Rd1 51. Re2 Rd3+ 52. Kg2 Bd7
53. Nf3 Rd1 54. Kg3 Rd3 55. Kf2 Bb5 56. Ng5 Rd1 57. Rxe6+ Kf5 58. Re7 Kxf4 59.
Ne6+ Kg4 60. Nd4 Rf1+ 61. Kg2 Rb1 62. b3 Rb2+ 63. Kg1 Bd3 64. Re3 Be4 65. c4
Kf4 66. Rc3 Ke5 67. Nf3+ Bxf3 68. Rxf3 d4 69. Kf1 g5 70. b4 Ke4 71. Rg3 d3 72.
Ke1 Kd4 73. c5 Kc3 74. c6 bxc6 75. Rxg5 Rb1+ 76. Kf2 d2 0-1

[Event "4NCL Division 1b"]
[Site "Hinckley Island ENG"]
[Date "2014.11.16"]
[Round "2.187"]
[White "Manley, Jonathan"]
[Black "Chapman, Terry"]
[Result "1-0"]
[WhiteElo "2152"]
[BlackElo "2304"]
[PlyCount "39"]
[EventDate "2014.11.16"]
[WhiteTeam "Oxford 1"]
[BlackTeam "Barbican 4NCL 2"]

1. e4 d6 2. d4 Nf6 3. Nc3 e5 4. Nf3 Nbd7 5. Bc4 Be7 6. O-O Nb6 7. Be2 exd4 8.
Nxd4 O-O 9. a4 a5 10. f4 d5 11. e5 Ne4 12. f5 Nxc3 13. bxc3 c5 14. f6 gxf6 15.
Bd3 fxe5 16. Bxh7+ Kxh7 17. Qh5+ Kg8 18. Rf3 Bh4 19. Nf5 Bxf5 20. Rxf5 1-0

[Event "4NCL Division 1b"]
[Site "Hinckley Island ENG"]
[Date "2014.11.16"]
[Round "2.188"]
[White "Lauterbach, Ingrid"]
[Black "Matta, Francesca"]
[Result "1/2-1/2"]
[WhiteElo "2084"]
[BlackElo "1911"]
[PlyCount "197"]
[EventDate "2014.11.16"]
[WhiteTeam "Barbican 4NCL 2"]
[BlackTeam "Oxford 1"]

1. g3 d5 2. Bg2 c6 3. b3 Nf6 4. Bb2 Bf5 5. d3 Nbd7 6. Nf3 h6 7. Nbd2 Qc7 8. O-O
e6 9. c4 Be7 10. Rc1 O-O 11. cxd5 exd5 12. Nd4 Bg6 13. N2f3 Rfe8 14. Qd2 a5 15.
a3 Qb6 16. Rb1 c5 17. Nc2 Qe6 18. Rfe1 Bd6 19. Rbd1 Ne5 20. Nh4 Bh7 21. d4 Nc6
22. dxc5 Bxc5 23. Nd4 Nxd4 24. Bxd4 Rac8 25. e3 Bxd4 26. Qxd4 Rc2 27. Rc1 Rec8
28. Rxc2 Rxc2 29. Qa7 b6 30. Nf3 Rc8 31. Nd4 Qd6 32. Bh3 Qc7 33. Qa6 Rd8 34.
Qf1 Qc5 35. a4 Ne4 36. Rc1 Qa3 37. Qe1 Nc5 38. Qc3 Nd3 39. Rd1 Nc5 40. Bf1 Ne6
41. Nc6 Rd6 42. Ne7+ Kf8 43. Nc8 Rd8 44. Nxb6 Qc5 45. Qxc5+ Nxc5 46. Rxd5 Rxd5
47. Nxd5 Nxb3 48. Bb5 Bc2 49. Kf1 Nc5 50. Nc3 Ke7 51. Ke2 Kd6 52. Kd2 Bb3 53.
e4 Ke5 54. Ke3 Kd6 55. f4 Ne6 56. e5+ Kc5 57. f5 Nc7 58. Bd7 Kc4 59. Ne4 Kb4
60. Nd6 Bxa4 61. Bxa4 Kxa4 62. Nxf7 Kb3 63. e6 a4 64. Ne5 a3 65. Nd3 Kc4 66.
Nc1 Kd5 67. g4 Ke5 68. Nd3+ Kd5 69. Kd2 Ke4 70. Nc1 Kf3 71. h3 Kg3 72. Ke3 Kxh3
73. Kf3 Nd5 74. Na2 Kh4 75. Nc1 Kg5 76. Kg3 Nf6 77. e7 h5 78. gxh5 Nxh5+ 79.
Kf3 Nf6 80. Ke3 Kxf5 81. Kd4 Ke6 82. Kc3 Kxe7 83. Kb3 g5 84. Kxa3 Ke6 85. Kb3
Kd5 86. Kc3 Ke4 87. Kd2 Kf3 88. Ke1 Ne4 89. Nd3 Ke3 90. Ne5 Nd2 91. Ng4+ Kf4
92. Nh6 Nf3+ 93. Kf2 Ne5 94. Kg2 Ng4 95. Ng8 Ne3+ 96. Kg1 g4 97. Nf6 g3 98.
Nh5+ Kg4 99. Nxg3 1/2-1/2